| 000 | 00000nam 2200000za 4500 |
| 001 | 9.861676 |
| 003 | CaOODSP |
| 005 | 20241017145037 |
| 007 | cr ||||||||||| |
| 008 | 180907s2018 onc o f000 0 fre d |
| 020 | |a9780660277806 |
| 040 | |aCaOODSP|bfre |
| 043 | |an-cn--- |
| 086 | 1 |aBT53-32/2018F-PDF |
| 110 | 1 |aCanada. |bConseil du trésor. |
| 245 | 10|aPolitique sur l'élaboration de la réglementation |h[ressource électronique]. |
| 260 | |aOttawa : |bSecrétariat du Conseil du trésor du Canada, |c2018. |
| 300 | |a26 p. |
| 500 | |aPubl. aussi en anglais sous le titre : Policy on regulatory development. |
| 500 | |a« Publié : le 2018-09-07. » |
| 500 | |aPubl. aussi en format HTML. |
| 520 | |a« La présente Politique sur l’élaboration de la réglementation (la politique) décrit les exigences que les organismes de réglementation fédéraux doivent satisfaire afin de respecter la Directive du Cabinet sur la réglementation (la Directive) en ce qui concerne le processus d’élaboration de règlements » -- Objet, p. 1. |
| 692 | 07|2gccst|aRèglements |
| 692 | 07|2gccst|aPolitique gouvernementale |
| 775 | 08|tPolicy on regulatory development |w(CaOODSP)9.861675 |
| 794 | |tPolitique sur l'élaboration de la réglementation.|w(CaOODSP)9.944227 |
| 856 | 40|qPDF|s203 Ko|uhttps://publications.gc.ca/collections/collection_2018/sct-tbs/BT53-32-2018-fra.pdf |
| 856 | 4 |qHTML|sS.O.|uhttps://www.canada.ca/fr/gouvernement/systeme/lois/developpement-amelioration-reglementation-federale/exigences-matiere-elaboration-gestion-examen-reglements/lignes-directrices-outils/politique-elaboration-reglementation.html |